00217nam a22000977a 4500082001200000100001600012245003100028260002900059300000900088650002200097 a547 MAR aMarch Jerry aAdvanced Organic Chemistry aLondonbMcGrawhillc1977 a1328 aorganic chemistry